Online
Catalog

Cuatro tradiciones sociológicas / (Record no. 21240)

MARC details
000 -CABECERA
campo de control de longitud fija 00911nam a2200253 a 4500
001 - NÚMERO DE CONTROL
campo de control 000021741
005 - FECHA Y HORA DE LA ÚLTIMA TRANSACCIÓN
campo de control 20250530112058.0
008 - DATOS DE LONGITUD FIJA--INFORMACIÓN GENERAL
campo de control de longitud fija 100910s1996 mx 000 0 spa d
020 ## - NÚMERO INTERNACIONAL ESTÁNDAR DEL LIBRO
Número Internacional Estándar del Libro 9706208488
040 ## - FUENTE DE LA CATALOGACIÓN
Centro catalogador/agencia de origen DO-SdBNP
Lengua de catalogación spa
Centro/agencia transcriptor BNPHU
041 17 - CÓDIGO DE LENGUA
Código de lengua del texto/banda sonora o título independiente spa
Fuente del código Codígo de idiomas MARC
082 ## - NÚMERO DE LA CLASIFICACIÓN DECIMAL DEWEY
Número de clasificación 301
Número de documento/Ítem C712c
049 ## - FONDOS LOCALES (OCLC)
Fondos de biblioteca BNGR
100 1# - ENTRADA PRINCIPAL--NOMBRE DE PERSONA
Nombre de persona Collins, Randall.
9 (RLIN) 45187
240 10 - TÍTULO UNIFORME
Título uniforme Four sociological traditions.
Lenguaje de la obra Español
245 10 - MENCIÓN DE TÍTULO
Título Cuatro tradiciones sociológicas /
Mención de responsabilidad, etc. Randall Collins ; traducción Angel Carlos González.
260 ## - PUBLICACIÓN, DISTRIBUCIÓN, ETC.
Lugar de publicación, distribución, etc. Iztapalapa :
Nombre del editor, distribuidor, etc. Universidad Autonoma Metropolitana,
Fecha de publicación, distribución, etc. 1996.
300 ## - DESCRIPCIÓN FÍSICA
Extensión 332 p. ;
Dimensiones 21 cm.
534 ## - NOTA SOBRE LA VERSIÓN ORIGINAL
Encabezamiento principal del original Título original en inglés :
Mención de título del original Four sociological traditions
500 ## - NOTA GENERAL
Nota general "Edición corregida y aumentada de Three Sociological Traditions".
650 #0 - PUNTO DE ACCESO ADICIONAL DE MATERIA--TÉRMINO DE MATERIA
Término de materia o nombre geográfico como elemento de entrada Sociología
9 (RLIN) 1061
650 #0 - PUNTO DE ACCESO ADICIONAL DE MATERIA--TÉRMINO DE MATERIA
Término de materia o nombre geográfico como elemento de entrada Conflicto social
9 (RLIN) 1974
700 1# - PUNTO DE ACCESO ADICIONAL--NOMBRE DE PERSONA
Nombre de persona González, Angel Carlos,
Término indicativo de función/relación tr.
9 (RLIN) 45188
Holdings
Estado de retiro Estado de pérdida Restricciones de uso No para préstamo Código de colección Localización permanente Ubicación/localización actual Ubicación en estantería Fecha de adquisición Número de inventario Total de préstamos Signatura topográfica completa Código de barras Fecha visto por última vez Precio válido a partir de Tipo de ítem Koha
        Monografías: Libros y Folletos General General En catalogación 10.09.2010 LF1   301 C712c 21741-10 25.06.2020 25.06.2020 Préstamo en sala

Powered by Koha